| 000 | 01139nam a22002651i 4500 | ||
|---|---|---|---|
| 003 | SA-RiAUC | ||
| 005 | 20250518094321.0 | ||
| 008 | 250515s1990 le g 000 0 ara c | ||
| 040 |
_aJO-IrYU _bara _cSA-RiAUC _erda |
||
| 050 | 1 | 4 | _b.I2632 1990 |
| 082 | 0 | 4 | _a242 |
| 090 |
_a242 _b ا ب ن خ |
||
| 100 | 1 |
_aابن خمير، علي بن أحمد السبتي، _dحوالي 550-614 هجري _eمؤلف. |
|
| 245 | 1 | 0 |
_aتنزيه الأنبياء عما نسب إليهم حثالة الأغنياء / _cتأليف أبي الحسن علي بن أحمد السبتي الأموي المعروف بابن خمير ؛ تحقيق محمد رضوان الداية. |
| 264 | 1 |
_aبيروت : _bدار الفكر، _c1990 |
|
| 300 | _a191 صفحة | ||
| 336 |
_aنص _btxt _2rdacontent _3كتاب |
||
| 337 |
_aبدون وسيط _bn _2rdamedia |
||
| 338 |
_aمجلد _bnc _2rdacarrier |
||
| 650 | 7 |
_aعصمة الأنبياء _2aucsh |
|
| 650 | 7 |
_aالإسلام _xدفع مطاعن _2aucsh |
|
| 700 | 1 |
_aالداية، محمد رضوان، _d1938- _eمحقق. |
|
| 942 |
_2ddc _cBOOK _n0 |
||
| 949 |
_aSA-JeALM _d250515 _umohamedma123 _n1 |
||
| 999 |
_c8016 _d8016 |
||